000 00425nam a22001817a 4500
003 MPLRDC
005 20220104143804.0
008 210129b ||||| |||| 00| 0 eng d
020 _a7-5442-1644-6
082 _a782.881 BJ-6
100 _a巴金
245 _a百年激流
_c
250 _a一版一刷
260 _a
_b南海出版公司
_c2000
300 _b
650 _a巴金传记
942 _cBK
_o782.881 BJ-6
999 _c43341
_d43331